000
00210 a2200097 4500
001
14727
100
_a
Montel P
245
_a
Eternal Egypt
260
_a
London
_b
Widenfeld & Nicolson
_c
090
_c
11508
_d
11508
942
_a
NUST-CAE
_c
M
_c
1679
999
_c
249800
_d
249800